DIPTEROCARPS of South Asia
| Format: | Book |
|---|---|
| Published: |
Bangkok :
FAO Regional Office for Asia and the Pacific ,
1985
|
| Subjects: |
MARC
| LEADER | 00000cam a2200000 7i4500 | ||
|---|---|---|---|
| 001 | 0000001385 | ||
| 005 | 20010613.0 | ||
| 090 | 0 | 0 | |a 583.6240954 |b DIP 1985 |
| 245 | 0 | 0 | |a DIPTEROCARPS of South Asia |
| 260 | 0 | 0 | |a Bangkok : |b FAO Regional Office for Asia and the Pacific , |c 1985 |
| 300 | |a 321 p. : |b ill., maps ; |c 28 cm. | ||
| 500 | 0 | 0 | |a Bibliography : [p. 295-321] |
| 650 | 0 | 0 | |a Dipterocarpaceae |z Asia, South |
| 998 | |a JPSM | ||
| 999 | |a 0000002417 |b Monograph |c Open Shelf |e Default branch | ||